Natación para todos: aprendizaje, entrenamiento, competición

Saved in:
書目詳細資料
主要作者: Andreas, Paul (Author)
格式: 圖書
語言:西班牙语
出版: León Everest 1970
叢編:Club everest, 13
主題:
標簽: 添加標簽
沒有標簽, 成為第一個標記此記錄!

MARC

LEADER 00000nam a2200000 a 4500
001 UCZ0207
003 CL-VaPUC
008 950724e19700000SP |||||||||||||||||spa|d
082 0 4 |a 797.21  |b AND  |2 21 
100 0 |a Andreas, Paul  |e author  |9 342870 
245 1 0 |a Natación para todos: aprendizaje, entrenamiento, competición 
300 |a 170 p 
942 |c BK 
945 |d 19950724 00:00:00  |a lriquelm 
260 |a León  |b Everest  |c 1970 
650 7 |a DEPORTES ACUATICOS  |2 CL-VaPUC  |9 262007 
650 0 |a Natación  |9 307454 
650 7 |a ENTRENAMIENTO ATLETICO  |2 CL-VaPUC  |9 342871 
650 0 |a Aprendizaje   |9 254827 
583 |a last modification  |c 19950724 00:00:00  |k Rodrigo Vera 
490 0 |a Club everest, 13 
999 |c 237168  |d 237166 
952 |0 0  |1 0  |4 0  |6 797_210000000000000_AND_1970  |7 0  |8 P  |9 246000  |a BIBEDU  |b BIBEDU  |c BIBEDU_PB  |d 2019-11-18  |i 1541587  |o 797.21 AND 1970  |p 1541587  |r 2024-01-25  |w 2019-11-18  |y BK  |k EDU 
952 |0 0  |1 0  |4 0  |6 797_210000000000000_AND_1970  |7 0  |8 P  |9 246001  |a BIBEDU  |b BIBEDU  |c BIBEDU_PB  |d 2019-11-18  |i 1541579  |o 797.21 AND 1970  |p 1541579  |r 2024-01-25  |w 2019-11-18  |y BK  |k EDU